Missing Word: 'B' Names Quiz Stats

 Plays Quiz Updated Jun 20, 2018

Challenge
Share
Tweet
Embed
Score 0/24 Timer 02:00
3 Plays Today
Full Name Missing Name % Correct
_____ ObamaBarack
93.5%
_____ SimpsonBart
92.3%
_____ & ErnieBert
89.4%
_____ Jones' DiaryBridget
88.3%
_____ the KidBilly
87%
_____ RubbleBarney
86%
Johann Sebastian _____Bach
85.9%
_____ StreisandBarbra
84.9%
Kevin _____Bacon
77.2%
Tony _____Blair
76%
Pope _____ XVIBenedict
73.5%
_____ YeltsinBoris
72.8%
Full Name Missing Name % Correct
Milton _____Bradley
72.2%
Anheuser-_____Busch
71.6%
Mel _____Brooks
71.3%
Emily _____Brontë
65.2%
_____ WhiteBetty
63.3%
_____ RossBetsy
63.3%
Adrien _____Brody
58.1%
The _____Beatles
56%
_____ LugosiBela
53.3%
George _____Burns
48.2%
George _____Bailey
30.5%
_____ MagliBruno
26.2%

Today's Daily Dose

You're not logged in!

Compare scores with friends on all Sporcle quizzes.
OR
Log In

You Might Also Like...

Show Comments

Extras

Top Quizzes Today


Score Distribution

Your Account Isn't Verified!

In order to create a playlist on Sporcle, you need to verify the email address you used during registration. Go to your Sporcle Settings to finish the process.

Report this User

Report this user for behavior that violates our Community Guidelines.

Details: